Tour de France 2013-Classemnt général - Statistiques

Statistiques générales
  • Ce quiz a été pris 150 fois
  • Le résultat moyen est 9 sur 15
Statistiques - réponses
Rang Nationalité Équipe Nom Écart % Correct
1 Royaume-Uni Sky Froome 83h 56min 40s
99%
2 Colombie Movistar Quintana + 4min 20s
99%
4 Espagne Tinkoff Contador + 6min 27s
95%
8 Espagne Movistar Valverde + 15min 26s
85%
15 France AG2R Bardet + 26min 42s
79%
3 Espagne Katusha Rodriguez + 5min 04s
79%
5 République tchèque Tinkoff Kreuziger + 7min 27s
61%
7 Danemark Astana Fuglsang + 12min 17s
58%
6 Pays-Bas Belkin Mollema + 11min 42s
55%
11 Pologne Quick-Step Kwiatkowski + 18 min 59s
43%
9 Espagne Cofidis Navarro + 15 min 52s
38%
10 États-Unis Garmin Talansky + 17 min 39s
37%
13 Pays-Bas Belkin Ten Dam + 21 min 39s
34%
12 Espagne Euskatel Nieve + 20min 01s
23%
14 Belgique Radioschack Monfort + 23min 38s
19%
Aucun quiz correspondant
Distribution des résultats
% des personnes avec chaque résultat
Percentile par nombre de réponses
Votre historique - résultats
Vous n’avez pas pris ce quiz